000 00301nam a2200121Ia 4500
008 190216s9999||||xx |||||||||||||| ||und||
100 _aChangampuzha Krishan Pillai
245 0 _aAkasaganga
260 _bThe Mangalodayam (pvt) Ltd
_c1965
300 _a40p
650 _aMalayalam Kavitha
942 _cBK
999 _c23865
_d23865